IELTS Preparation and practice: Reading and Writing in the Academic Module (Record no. 138)
[ view plain ]
| 000 -LEADER | |
|---|---|
| fixed length control field | 00449nam a22001337a 4500 |
| 008 - FIXED-LENGTH DATA ELEMENTS--GENERAL INFORMATION | |
| fixed length control field | 140202b xxu||||| |||| 00| 0 eng d |
| 100 ## - MAIN ENTRY--PERSONAL NAME | |
| 9 (RLIN) | 190 |
| Personal name | Sahanaya, Wendy |
| 245 ## - TITLE STATEMENT | |
| Title | IELTS Preparation and practice: Reading and Writing in the Academic Module |
| Statement of responsibility, etc. | / Wendy Sahanaya, Jeremy Lindeck |
| 260 ## - PUBLICATION, DISTRIBUTION, ETC. (IMPRINT) | |
| Name of publisher, distributor, etc. | Oxford University, |
| Date of publication, distribution, etc. | c2002. |
| Place of publication, distribution, etc. | Melbourne: |
| 300 ## - PHYSICAL DESCRIPTION | |
| Extent | 100p |
| 650 #0 - SUBJECT ADDED ENTRY--TOPICAL TERM | |
| 9 (RLIN) | 56 |
| Topical term or geographic name as entry element | English |
| General subdivision | Grammar study |
| 700 ## - ADDED ENTRY--PERSONAL NAME | |
| 9 (RLIN) | 191 |
| Personal name | Lindeck, Jeremy |
| 942 ## - ADDED ENTRY ELEMENTS (KOHA) | |
| Source of classification or shelving scheme | |
| Koha item type | Books |
| Withdrawn status | Lost status | Source of classification or shelving scheme | Damaged status | Not for loan | Permanent location | Current location | Date acquired | Inventory number | Total Checkouts | Date last seen | Copy number | Price effective from |
|---|---|---|---|---|---|---|---|---|---|---|---|---|
| Bangladesh University of Business and Technology Library | Bangladesh University of Business and Technology Library | 02/02/2014 | 371 | 02/02/2014 | 1 | 02/02/2014 |
